| Tag |
First Indicator |
Second Indicator |
Subfields |
| LEADER |
00000cam a22000001a 4500 |
| 001 |
in00003166608 |
| 006 |
m d f |
| 007 |
cr bn mmmapmmp |
| 008 |
090613s1884 dcu o f000 0 eng d |
| 005 |
20260504145824.2 |
| 035 |
|
|
|a cis2007404381
|
| 040 |
|
|
|a UMI
|c UMI
|d UtOrBLW
|
| 043 |
|
|
|a n-us---
|
| 099 |
|
|
|a HRG-1884-SOI-0001
|
| 110 |
1 |
|
|a United States.
|b Congress.
|b House.
|b Select Committee on American Ship Building and Ship Owning Interests.
|
| 245 |
1 |
0 |
|a Compulsory Pilotage :
|b hearings before the United States House Select Committee on American Ship-Building and Ship-Owning Interests, Forty-Eighth Congress, first session, on Feb. 13, 14, 20, 21, 1884.
|
| 264 |
|
1 |
|a Washington :
|b U.S. G.P.O.,
|c 1884.
|
| 300 |
|
|
|a 1 online resource.
|
| 336 |
|
|
|a text
|b txt
|2 rdacontent
|
| 337 |
|
|
|a computer
|b c
|2 rdamedia
|
| 338 |
|
|
|a online resource
|b cr
|2 rdacarrier
|
| 500 |
|
|
|a Record is based on bibliographic data in ProQuest Congressional Hearings Digital Collection. Reuse except for individual research requires license from ProQuest, LLC.
|
| 520 |
|
|
|a Hearings were issued as H. Misc. Doc. 48-37.
|
| 520 |
|
|
|a Considers (48) H.R. 3057.
|
| 538 |
|
|
|a System requirements: PDF reader software.
|
| 500 |
|
|
|a Electronic resource.
|
| 650 |
|
0 |
|a Maritime law
|z United States.
|
| 650 |
|
0 |
|a Pilots and pilotage
|x Law and legislation
|z United States.
|
| 655 |
|
7 |
|a Electronic books.
|2 local
|
| 710 |
2 |
|
|a ProQuest (Firm)
|
| 776 |
0 |
8 |
|i Print version:
|a United States. Congress. House. Select Committee on American Ship-Building and Ship-Owning Interests.
|t Compulsory Pilotage
|
| 776 |
0 |
8 |
|i Microfiche version:
|a United States. Congress. House. Select Committee on American Ship-Building and Ship-Owning Interests.
|t Compulsory Pilotage.
|d [Bethesda, Md.] : ProQuest,[2004]
|o CIS Hrgs MF Gp 2--HS 48-A
|w (ProQuest)cis10105424
|
| 830 |
|
0 |
|a U.S. Congressional Hearings.
|
| 856 |
4 |
0 |
|u http://proxy.library.tamu.edu/login?url=https://congressional.proquest.com/congcomp/getdoc?HEARING-ID=HRG-1884-SOI-0001
|z Connect to the full text of this electronic book
|t 0
|
| 998 |
|
|
|a cis10105424
|
| 999 |
|
|
|a MARS
|
| 999 |
f |
f |
|s 5cf98b98-00dd-3a37-9818-0054983a4acc
|i 15892fec-035d-321e-a869-553e78dfc918
|t 0
|
| 952 |
f |
f |
|a Texas A&M University
|b College Station
|c Electronic Resources
|s www_evans
|d Available Online
|t 0
|e HRG-1884-SOI-0001
|h Other scheme
|
| 998 |
f |
f |
|a HRG-1884-SOI-0001
|t 0
|l Available Online
|